1707 1727 1542 1423 1676 1842 1622 1253 1613 1487 1191 1361 1738 1447 1169 1137 1147 1518 1209 1871 1964 1080 1920 1340 1048 1401 1868 1713 1339 1058 1509 1384 1059 1345 1845 1153 1929 1394 1568 1380 1561 1856 1544 1033 1729 1391 1287 1894 1679 1615 1455 1331 1001 1231 1459 1185 1393 1450 1609 1820 1575 1575 1988 1208 1707 1189 1590 1544 1245 1161 1387 1726 1387 1718 1658 1333 1750 1094 1376 1402 1125 1243 1111 1307 1564 1061 1815 1731 1964 1198 1988 1855 1439 1473 1251 1897 1467 1091 1929 BCNSPRNW ULIB Ver.6.0+V

เปลี่ยนเป็นภาษาไทย

Change to English
 แสดงรายละเอียดบรรณานุกรม
  กลับหน้าหลัก

Brief Record : Get Marc (ISO 2709) : E-mail record : QR code < ปิดหน้าต่าง
LEADER : 00000nam 2200000uu 4500
001    13399110530
003     ULIB
008    110602s2543||||th 000 0 tha d
020    9748716155
060 04 WQ7^bพ221ค 2543
100 0  พนิตย์ จิวะนันทประวัติ
245 10 คลินิกผู้หญิง /^cพนิตย์ จิวะนันทประวัติ
250    พิมพ์ครั้งที่ 1
260    กรุงเทพฯ :^bสนุกอ่าน,^c2543
300    212 หน้า
650  7 สตรี^xแง่สุขภาพ
650  7 สุขภาพ
650  7 โรค
945    ^p150^l0^i013682
945    ^p150^l0^i013681
945    ^p150^l0^i013680
995     ทศพร
999 ^a ใช้งานได้ทุกระบบ
รายการนี้ยังไม่มีแท็ก
คุณยังไม่ได้ล็อกอิน คุณสามารถมีกิจกรรมร่วมกับเว็บไซต์ได้ แต่ต้องล็อกอินก่อน ::
  ล็อกอิน

รายการสื่อสารสนเทศ

ลำดับที่ ประเภท เลขเรียก/บาร์โค้ด สถานที่ สถานะ
- ไม่พบข้อมูล -

รายการใกล้เคียง
    ผู้แต่ง [พนิตย์ จิวะนันทประวัติ]

    หัวเรื่อง [สุขภาพ]
    หัวเรื่อง [โรค]

BibComment


ยังไม่เคยถูกคอมเมนท์

คอมเมนท์ทรัพยากรรายการนี้
  คอมเมนท์: คลินิกผู้หญิง พน..


 Copyright 2026. Bcnsprnw @Library